Meyerbeer
Guardat en:
| Autor principal: | |
|---|---|
| Format: | Llibre |
| Idioma: | espanyol |
| Publicat: |
Buenos Aires
Tor
1950
|
| Col·lecció: | Los Maestros de la Música
|
| Matèries: | |
| Etiquetes: |
Afegir etiqueta
Sense etiquetes, Sigues el primer a etiquetar aquest registre!
|
MARC
| LEADER | 00000nam a2200000 a 4500 | ||
|---|---|---|---|
| 001 | UCN2128 | ||
| 003 | CL-VaPUC | ||
| 008 | 010511e19500000AG |||||||||||||||||spa|d | ||
| 082 | 0 | 4 | |a 780.92 |b DAU |2 21 |
| 100 | 0 | |a Dauriac, Lionel |e author |9 457752 | |
| 245 | 1 | 0 | |a Meyerbeer |
| 300 | |a 188 p | ||
| 942 | |c BK | ||
| 945 | |d 20010511 00:00:00 |a crobeson | ||
| 260 | |a Buenos Aires |b Tor |c 1950 | ||
| 600 | 0 | |a Meyerbeer, Giacomo |9 306579 | |
| 650 | 0 | |a Compositores alemanes |9 324765 | |
| 650 | 0 | |a Ópera alemana |9 306436 | |
| 650 | 7 | |a MUSICA SIGLO 19 |2 CL-VaPUC |9 457753 | |
| 583 | |a last modification |c 20010511 00:00:00 |k Rodrigo Vera | ||
| 490 | 0 | |a Los Maestros de la Música | |
| 999 | |c 295285 |d 295283 | ||
| 952 | |0 0 |1 0 |4 0 |6 780_920000000000000_DAU_1950 |7 0 |8 A |9 348262 |a BIBEDU |b BIBEDU |d 2019-11-20 |i 1181343 |o 780.92 DAU 1950 |p 1181343 |r 2023-01-12 |w 2019-11-20 |y BK |k MUS | ||